000 00776nam a2200205Ia 4500
003 GCL
008 140319s9999 xx 000 0 ara d
020 _a8258215977
040 _aGCL /
_cGCL
082 0 4 _a372.358
_bع ت
100 1 _aعبدالعظيم عبدالسلام الفرجانى
245 1 0 _aالتربية التكنولوجية وتكنولوجيا التربية /
_cعبدالعظيم عبدالسلام الفرجانى
250 _aالاولى
260 _aالقاهرة :
_bدار غريب للطباعة والنشر والتوزيع ،
_c1997
300 _a246 ص:
_bايض ؛
_c24 سم
650 0 4 _aالتربية
650 0 4 _aالوسائل السمعية والبصرية
650 0 4 _aالتربية والتعليم
942 _2ddc
_cBK
999 _c35109
_d35109